Rausch und Ekstase im Roman Drama von Arad Dabiri
Článok analyzuje debutový román Arada Dabiriho DRAMA (2023) v kontexte migrácie, traumy a zážitkov extázy. Hlavným zameraním je, ako extáza a intoxikácia fungujú nielen ako tematické motívy, ale aj ako naratívne prostriedky.
Salvato in:
| Autore principale: | |
|---|---|
| Natura: | Capitolo di libro |
| Lingua: | tedesco |
| Soggetti: | |
| Tags: |
Nessun Tag, puoi essere il primo ad aggiungerne!!
|
MARC
| LEADER | 00000naa$a2200000$$$4500 | ||
|---|---|---|---|
| 001 | 0315566 | ||
| 005 | 20260325112635.7 | ||
| 041 | 0 | |a ger | |
| 044 | |a AT | ||
| 245 | 1 | 0 | |a Rausch und Ekstase im Roman Drama von Arad Dabiri |c Eva Höhn |
| 520 | |a Článok analyzuje debutový román Arada Dabiriho DRAMA (2023) v kontexte migrácie, traumy a zážitkov extázy. Hlavným zameraním je, ako extáza a intoxikácia fungujú nielen ako tematické motívy, ale aj ako naratívne prostriedky. | ||
| 610 | 2 | 0 | |a literatúra |
| 610 | 2 | 0 | |a migrácia |
| 610 | 2 | 0 | |a vylúčenie sociálne |
| 100 | 1 | |a Höhn, Eva, 1968- | |